00601nam a2200193Ia 450000500170000000800410001702000240005804000190008204100120010108200170011324501260013026000370025630000140029350400220030765000220032965100220035170000230037385000110039620240106090751.0131103s9999 xx 000 0 und d a81260 19301cRs 225 aLoreto College aEnglish a894.827bKRI aGold Nuggets, bSelected Post Independence Telegu Short Stories, cCompiled and Edited by Bh Krishnamutyi, C Vijayasree aNew DelhibSahitya Akademic2004 axvi,471p  aIncludes glossary aFiction in Telegu aIndian Literature aKrishnamurti, comp aLCLIB